000 00570nam a2200193Ia 4500
005 20250508165824.0
008 008 250505s9999 xx 000 0 hin d
037 _aDissertations
040 _aFEDL
_beng
_cFEDL
041 _ahin
_2eng
084 _a305.8, ARC/DI
_qFEDL
100 _aArchna
245 0 _aHindi sahitya mein dalit aatmkathaon ka samajik sanderbh aur uske shaikshik nihitarth
260 _c2017
300 _a87p.
546 _aM.Ed. Dissertation, (Delhi University)
942 _cDIS
_h305.8, ARC/DI
999 _c1397665
_d1397665